000 00191nam a22000737a 4500
999 _c24016
_d24016
003 Nust
005 20170412132206.0
008 140502b xxu||||| |||| 00| 0 eng d
020 _cAvailable
_a9812531084
040 _aDLC
_bDLC
_cRCMS
082 _a621.3856 STE
100 _aSteel Raymond
245 _aGSM, cdmaOne and 3-G Systems
260 _aEngland
_bJohn Wiley & Sons
_cc2001.
300 _ax,512,p:
_bill:
_c25,cm.
538 _iShelf # 15, Row # 3, Communication.
650 _aElectrical Engineering
856 _3Table of Content Only
942 _2ddc
_cBK